=LDR 00000nam 2200000 4500 =001 INLIS000000000048948 =005 20170117094554.0 =006 =007 =008 =020 ##$$a 978-602-7688-61-2 =035 ##$$0010-011700000000229 =082 ##$$2 22 $a 658.720 26 =090 ##$$a 658.720 26 Her k =100 ##$$a Hernold Ferry Makawimbang =245 ##$$a Kompilasi peraturan perundang - undangan tentang pengadaan barang / jasa pemerintah $c Hernold Ferry Makawimbang =260 ##$$a Jakarta $b Libri $c 2016 =300 ##$$a xiv, 1120 hlm. $c 21 cm. =500 ##$$a Bibliografi : hlm. 1119 - 1120 =650 ##$$a Pengadaan Barang / Jasa - Undang - Undang dan Peraturan =850 ##$$a NBPDMAT =990 ##$$a 21602760/BPAP-NTB/2017 =990 ##$$a 21602761/BPAP-NTB/2017 =990 ##$$a 21602762/BPAP-NTB/2017